Francisco Gavidia : La Odisea de su Genio /
Gorde:
| Egile Nagusiak: | , |
|---|---|
| Formatua: | Ezezaguna |
| Hizkuntza: | Spanish |
| Argitaratua: |
El Salvador :
Ministerio de Educación. Dirección General de Publicaciones,
1965.
|
| Saila: | (Colección Certamen Nacional de Cultura)
|
| Gaiak: | |
| Etiketak: |
Etiketa erantsi
Etiketarik gabe, Izan zaitez lehena erregistro honi etiketa jartzen!
|
MARC
| LEADER | 000000000a22000000004500 | ||
|---|---|---|---|
| 001 | 003029 | ||
| 041 | 0 | |a spa | |
| 082 | 0 | 4 | |a ES863.4D |b G283a v.1 |
| 100 | 1 | |a Armijo, Roberto | |
| 100 | 1 | |a Rodríguez Ruiz, José Napoleón | |
| 245 | 1 | 0 | |a Francisco Gavidia : |b La Odisea de su Genio / |c Roberto Armijo, José Napoleón Rodríguez Ruiz. |
| 260 | 1 | |a El Salvador : |b Ministerio de Educación. Dirección General de Publicaciones, |c 1965. | |
| 300 | |a 301 páginas | ||
| 490 | 1 | |a (Colección Certamen Nacional de Cultura) | |
| 650 | 4 | |a GAVIDIA, FRANCISCO, (1864-1955) | |
| 999 | |c 9345 |d 9345 | ||
| 942 | |c BK |h ES863.4D G283a v.1 |2 z | ||
